<?xml version="1.0" encoding="UTF-8"?>
<record
    xmlns:xsi="http://www.w3.org/2001/XMLSchema-instance"
    xsi:schemaLocation="http://www.loc.gov/MARC21/slim http://www.loc.gov/standards/marcxml/schema/MARC21slim.xsd"
    xmlns="http://www.loc.gov/MARC21/slim">

  <leader>00670nam a22002177a 4500</leader>
  <controlfield tag="001">6128</controlfield>
  <controlfield tag="003">FISKH</controlfield>
  <controlfield tag="005">20250317140933.0</controlfield>
  <controlfield tag="008">250317b        cb ||||| |||| 00| 0 eng d</controlfield>
  <datafield tag="040" ind1=" " ind2=" ">
    <subfield code="a">FISKH</subfield>
    <subfield code="b">Khmer </subfield>
    <subfield code="c">FISKH</subfield>
    <subfield code="d">FISKH</subfield>
  </datafield>
  <datafield tag="050" ind1=" " ind2=" ">
    <subfield code="a">PZ7</subfield>
  </datafield>
  <datafield tag="082" ind1=" " ind2=" ">
    <subfield code="a">900</subfield>
  </datafield>
  <datafield tag="100" ind1=" " ind2=" ">
    <subfield code="a">Thaily , Ly</subfield>
  </datafield>
  <datafield tag="245" ind1=" " ind2=" ">
    <subfield code="a">&#x178F;&#x17C1;&#x1787;&#x17C4;&#x178A;&#x17C6;&#x178C;&#x17B7;&#x1793; &#x1793;&#x17B7;&#x1784;&#x1796;&#x17D2;&#x179A;&#x17C7;&#x179A;&#x17C4;&#x1784; /</subfield>
    <subfield code="c">&#x179F;&#x17D2;&#x179A;&#x17B6;&#x179C;&#x1787;&#x17D2;&#x179A;&#x17B6;&#x179C;&#x1793;&#x17B7;&#x1784;&#x179A;&#x17C0;&#x1794;&#x179A;&#x17C0;&#x1784;&#x178A;&#x17C4;&#x1799; &#x179B;&#x17B8; &#x1790;&#x17C3;&#x179B;&#x17B8;</subfield>
  </datafield>
  <datafield tag="260" ind1=" " ind2=" ">
    <subfield code="a">Sihanouk Ville :</subfield>
    <subfield code="c">2011.</subfield>
  </datafield>
  <datafield tag="300" ind1=" " ind2=" ">
    <subfield code="a">56 pages : </subfield>
    <subfield code="b">illustrations ; </subfield>
    <subfield code="c">20 cm . </subfield>
  </datafield>
  <datafield tag="650" ind1=" " ind2=" ">
    <subfield code="a">&#x178F;&#x17C1;&#x1787;&#x17C4;&#x178A;&#x17C6;&#x178C;&#x17B7;&#x1793;</subfield>
  </datafield>
  <datafield tag="650" ind1=" " ind2=" ">
    <subfield code="a">De Chov Dom Den </subfield>
  </datafield>
  <datafield tag="942" ind1=" " ind2=" ">
    <subfield code="2">ddc</subfield>
    <subfield code="c">BK</subfield>
    <subfield code="n">0</subfield>
  </datafield>
  <datafield tag="999" ind1=" " ind2=" ">
    <subfield code="c">6128</subfield>
    <subfield code="d">6128</subfield>
  </datafield>
  <datafield tag="952" ind1=" " ind2=" ">
    <subfield code="0">0</subfield>
    <subfield code="1">0</subfield>
    <subfield code="2">ddc</subfield>
    <subfield code="4">0</subfield>
    <subfield code="7">0</subfield>
    <subfield code="8">KH</subfield>
    <subfield code="a">002</subfield>
    <subfield code="b">002</subfield>
    <subfield code="c">SKB</subfield>
    <subfield code="d">2025-03-17</subfield>
    <subfield code="l">0</subfield>
    <subfield code="o">THA PZ7 900</subfield>
    <subfield code="p">FISSE01636</subfield>
    <subfield code="r">2025-03-17 14:09:29</subfield>
    <subfield code="t">1</subfield>
    <subfield code="w">2025-03-17</subfield>
    <subfield code="y">KHB</subfield>
  </datafield>
  <datafield tag="952" ind1=" " ind2=" ">
    <subfield code="0">0</subfield>
    <subfield code="1">0</subfield>
    <subfield code="2">ddc</subfield>
    <subfield code="4">0</subfield>
    <subfield code="7">0</subfield>
    <subfield code="8">KH</subfield>
    <subfield code="a">002</subfield>
    <subfield code="b">002</subfield>
    <subfield code="c">SKB</subfield>
    <subfield code="d">2025-05-16</subfield>
    <subfield code="l">0</subfield>
    <subfield code="o">THA PZ7 900</subfield>
    <subfield code="p">FISSE01641</subfield>
    <subfield code="r">2025-05-16 10:45:32</subfield>
    <subfield code="t">2</subfield>
    <subfield code="w">2025-05-16</subfield>
    <subfield code="y">KHB</subfield>
  </datafield>
</record>
